Hroby v kostele sv
| Titel: | Hroby v kostele sv : Mikuláše v Kašperských Horách |
|---|---|
| Verfasser: | |
| In: |
Zlatá stezka, Band 2 (1995), Seite 178-180 alle Artikel anzeigen |
| Veröffentlicht: | 1995 |
| Format: | Aufsatz |
| Sprache: | Tschechisch |
X
alg: 39296880 001A $01999:11-11-16 001B $01999:22-05-21 $t21:52:05.000 001C $06050:19-11-16 $t22:36:35.000 001D $01999:11-11-16 001U $0utf8 001X $00 002@ $0Aox 003@ $0392968800 007A $0392968800 $aHEB 007T $0Herdp01701 010@ $acze 011@ $a1995 021A $aHroby v kostele sv $dMikuláše v Kašperských Horách 028A $7107603246X $8Fröhlich, Jiří$Z1946- [Tp3] $9363651578 031A $d2 $h178-180 $j1995 037A $aněm. res.: Die Gräber in der St. Niklaskirche in Bergreichenstein 039B $aIn $8--Abvc--. Zlatá stezka. - Prachatice, 1994- $x199500000020000822 $9070440182 045F $a307.094371 $eDDC23BSB 045F/01 $a307.09 045F/03 $g4371 045T $a7,41 lok: 39296880 78 exp: 39296880 78 1 #EPN 201B/01 $019-11-20 $t22:52:51.000 201U/01 $0utf8 203@/01 $0789079119 208@/01 $a11-11-16 $be 209A/01 $a/ $f000 $x00 220C/01 $aHerkunft: Hú Av Čr Praha 244Z/01 $#Tschechien $#Tschechische Republik $#Tschechische Republik $#Tschechenland $#Tschechei Tschechien $#Česká Republika $#Czech Republic $#ČR $74303381-7 $8--Tg1--Tschechien $x01 $9086659812 244Z/01 $2Trx $#Böhmen $#Bohemia $#Czechy $8--Trx--Čechy $x02 $9391188941 244Z/01 $#Bergreichenstein $74087271-3 $8--Tg1--Kašperské Hory $x03 $9085245283 244Z/01 $2Trx $#hauad arheoloogia $#kapai archeologija $#Graves archaeology $#sírásók régészet $#archeologia, pochówki $#archeológia, hroby $#archeologie, hroby $#groby archeologia $8--Trx--Gräber$gArchäologie $x04 $9391372920 244Z/01 $2Trx $#kirikud hooned $#bažnyčių pastatai $#churches buildings $#templomok épületek $#kościoły budynki $#kostoly budovy $#kostely budovy $8--Trx--Kirchen$gGebäude $x05 $9391363778 244Z/01 $2Trx $#kaitsepühakud Nikolaus $#šventieji globėjai Mikalojus $#patronships Catherine $#patrocínium Miklós $#patrocinia Mikołaj $#patrocinium Mikuláš $#patrocinia Mikuláš $#Nikolaus Patrozinium $#Mikołaj patrocinium $#Mikuláš patrocinium $#Mikuláš patrocinium $8--Trx--Patrozinien$gNikolaus $x06 $939138242X 244Z/01 $2Trx $8--Trx--Zeitschriftenaufsatz $x07 $9391384341 245Z/01 $a13.03 $x01 245Z/01 $a05.03 $x02 247C/01 $82080>Marburg/Lahn, Herder-Institut, Forschungsbibliothek, Bibliographieportal $9336309341
| LEADER | 00000caa a22000002c 4500 | ||
|---|---|---|---|
| 001 | 392968800 | ||
| 003 | DE-603 | ||
| 005 | 20210522215205.0 | ||
| 007 | tu | ||
| 008 | 161111s1995 xx |||| | u00||u|cze c | ||
| 035 | |a (DE-599)HEB392968800 | ||
| 040 | |a DE-603 |b ger |c DE-603 |d DE-603 | ||
| 041 | |a cze | ||
| 082 | 0 | 4 | |8 1\u |a 307.094371 |q DE-101 |2 23/BSB |
| 084 | |a 7,41 |2 ssgn | ||
| 085 | |8 1\u |b 307.09 | ||
| 085 | |8 1\u |z 2 |s 4371 | ||
| 100 | 1 | |a Fröhlich, Jiří |d 1946- |0 (DE-603)363651578 |0 (DE-588)107603246X |2 gnd | |
| 245 | 0 | 0 | |a Hroby v kostele sv |b Mikuláše v Kašperských Horách |
| 264 | 0 | |c 1995 | |
| 500 | |a něm. res.: Die Gräber in der St. Niklaskirche in Bergreichenstein | ||
| 773 | 0 | 8 | |i In |t Zlatá stezka |d Prachatice, 1994- |g Band 2 (1995), Seite 178-180 |w (DE-603)070440182 |w (DE-600)1344104-8 |
| 924 | 0 | |9 2080 |a (DE-603)789079119 |b DE-2080 |c HES |d d |g / | |


